| 000 -LEADER |
| fixed length control field |
00346nam a22000977a 4500 |
| 008 - FIXED-LENGTH DATA ELEMENTS--GENERAL INFORMATION |
| fixed length control field |
160502b xxu||||| |||| 00| 0 eng d |
| 100 ## - MAIN ENTRY--AUTHOR'S NAME |
| Author's Name |
Goodbody, Anthony |
| 245 ## - TITLE STATEMENT |
| Title |
The railway post offices of Denmark |
| 260 ## - PUBLICATION, DISTRIBUTION, ETC. (IMPRINT) |
| Place of publication, distribution, etc. |
Omaha, NE |
| Name of publisher, distributor, etc. |
Mobile Post Office Society |
| Date of publication, distribution, etc. |
1979 |
| 650 ## - TOPICAL TERM (Tag) |
| Topical term or geographic name |
Denmark | Railway Mail | Mobile Post Offices | Postal History | Postal Routes |